MARC details
| 000 -LEADER |
| fixed length control field |
02150nam a22003497a 4500 |
| 001 - CONTROL NUMBER |
| control field |
101826 |
| 003 - CONTROL NUMBER IDENTIFIER |
| control field |
KnowledgeUnlatched |
| 005 - DATE AND TIME OF LATEST TRANSACTION |
| control field |
20210303105048.0 |
| 006 - FIXED-LENGTH DATA ELEMENTS--ADDITIONAL MATERIAL CHARACTERISTICS |
| fixed length control field |
m o d |
| 007 - PHYSICAL DESCRIPTION FIXED FIELD--GENERAL INFORMATION |
| fixed length control field |
cr u|||||||||| |
| 008 - FIXED-LENGTH DATA ELEMENTS--GENERAL INFORMATION |
| fixed length control field |
210129p20102019mau o u00| u eng d |
| 037 ## - SOURCE OF ACQUISITION |
| Institution to which field applies |
BiblioBoard |
| 020 ## - INTERNATIONAL STANDARD BOOK NUMBER |
| International Standard Book Number |
9781618117007 |
| 029 1# - OTHER SYSTEM CONTROL NUMBER (OCLC) |
| OCLC library identifier |
https://library.biblioboard.com/ext/api/media/d12c6c73-54cc-4d12-b2b2-9b888f9c9450/assets/thumbnail.jpg |
| 040 ## - CATALOGING SOURCE |
| Original cataloging agency |
ScCtBLL |
| Transcribing agency |
ScCtBLL |
| 100 1# - MAIN ENTRY--PERSONAL NAME |
| Personal name |
Smith, Oliver |
| Relator term |
author. |
| 245 00 - TITLE STATEMENT |
| Title |
Vladimir Soloviev and the Spiritualization of Matter |
| Statement of responsibility, etc. |
Oliver Smith. |
| 264 #1 - PRODUCTION, PUBLICATION, DISTRIBUTION, MANUFACTURE, AND COPYRIGHT NOTICE |
| Name of producer, publisher, distributor, manufacturer |
Academic Studies Press, |
| 300 ## - PHYSICAL DESCRIPTION |
| Extent |
1 online resource (325 p.) |
| 506 0# - RESTRICTIONS ON ACCESS NOTE |
| Terms governing access |
Access copy available to the general public. |
| Standardized terminology for access restriction |
Unrestricted |
| Source of term |
star |
| 520 ## - SUMMARY, ETC. |
| Summary, etc. |
While he is widely acknowledged as the most important Russian thinker of the nineteenth century, Vladimir Soloviev's place in the landscape of world philosophy nevertheless remains uncertain. Approaching him through a single synoptic lens, this book foregrounds his unique envisioning of the interaction between humanity and the material world. By investigating the development of a single theme in his work-his idea of the "spiritualization of matter", the "task" of humanity-Smith constructs a rounded picture of Soloviev's overall importance to an understanding of nineteenth-century thought, as well as to modern theology and philosophy. The picture that emerges is of a writer whose contribution to a Christian philosophy of matter resonates with many of the religious debates of modernity. |
| 588 0# - SOURCE OF DESCRIPTION NOTE |
| Source of description note |
Description based on print version record. |
| 590 ## - LOCAL NOTE (RLIN) |
| Local note |
KU Open Services |
| 650 #7 - SUBJECT ADDED ENTRY--TOPICAL TERM |
| Topical term or geographic name entry element |
Religion |
| Source of heading or term |
bisacsh |
| 650 #0 - SUBJECT ADDED ENTRY--TOPICAL TERM |
| Topical term or geographic name entry element |
Religion |
| 655 #0 - INDEX TERM--GENRE/FORM |
| Genre/form data or focus term |
Electronic books. |
| 758 ## - |
| -- |
Is found in: |
| -- |
Knowledge Unlatched |
| -- |
https://openresearchlibrary.org/module/2774bc74-146a-484f-a7ba-ab1d6a09bbfb |
| 856 40 - ELECTRONIC LOCATION AND ACCESS |
| Uniform Resource Identifier |
<a href="https://openresearchlibrary.org/content/d12c6c73-54cc-4d12-b2b2-9b888f9c9450">https://openresearchlibrary.org/content/d12c6c73-54cc-4d12-b2b2-9b888f9c9450</a> |
| Public note |
View this content on Open Research Library. |
| -- |
0 |